000 01079nam a2200241 i 4500
001 188377
003 ES-MaACL
005 20251002204755.0
008 180906s1923 fr |||| | fre d
245 0 0 _aPédiatrie.
_nI /
_cpar Pr Marfan, Apert, Renault ... [et al.].
260 _aParis :
_bA. Maloine,
_c1923.
300 _a1 t. en 2 v. (1176 p.) :
_bil. ;
_c19 cm.
490 1 _aTraité de pathologie médicale et de thérapeutique appliquée / publié sous la direction de Emile Sergent, L. Ribadeau-Dumas, L. Babonneix ;
_v24
650 4 _aPediatría.
_9136672
650 4 _aNiños-
_xEnfermedades.
_915546
700 1 _aSergent, Émile,
_d1867-1943
_9151848
700 1 _aRibadeau-Dumas, Louis (
_d1876-1951)
_9151844
700 1 _aBabonneix, Léon,
_d1876-1942
_9151847
700 1 _aMarfan, Antonin-Bernard.
_976600
830 1 _aTraité de pathologie médicale et de thérapeutique appliquée / publié sous la direction de Emile Sergent, L. Ribadeau-Dumas, L. Babonneix ;
_v24
_9225683
852 _aES-MaACL
_jC-16754-55
999 _c188377
_d188377